|
|
|
|
| LEADER |
00000naa2a2200000 4500 |
| 001 |
420790 |
| 005 |
20231101073435.0 |
| 035 |
|
|
|a (RuTPU)RU\TPU\prd\78425
|
| 035 |
|
|
|a RU\TPU\tpu\8641
|
| 090 |
|
|
|a 420790
|
| 100 |
|
|
|a 20100323a1986 k y0rusy50 ca
|
| 101 |
0 |
|
|a rus
|
| 102 |
|
|
|a RU
|
| 200 |
1 |
|
|a Определение относительных активностей мономеров при сополимеризации 9-винилкарбазола с 9-пропенил и 9-бутенилкарбазолами
|f Л. И. Леоненко [и др.]
|
| 461 |
|
1 |
|0 (RuTPU)RU\TPU\prd\192
|x 0579-2991
|t Известия вузов. Химия и химическая технология
|o научно-технический журнал
|f Министерство высшего и среднего специального образования СССР
|d 1958-
|
| 463 |
|
1 |
|0 (RuTPU)RU\TPU\prd\78424
|t Т. 29, № 3
|v с. 92-94
|d 1986
|
| 610 |
1 |
|
|a труды учёных ТПУ
|
| 701 |
|
1 |
|a Леоненко
|b Л. И.
|2 tpush
|3 (RuTPU)RU\TPU\pers\3740
|
| 701 |
|
1 |
|a Кудинова
|b С. И.
|c кандидат химических наук
|c ХТФ
|f 1939-
|g Софья Ивановна
|2 tpush
|3 (RuTPU)RU\TPU\pers\3439
|
| 701 |
|
1 |
|a Чернышова
|b Н. Н.
|c кандидат химических наук
|c ХТФ
|f 1947-
|2 tpush
|3 (RuTPU)RU\TPU\pers\3501
|
| 701 |
|
1 |
|a Сироткина
|b Е. Е.
|c доктор химических наук
|c СО АН СССР
|f 1926-
|g Екатерина Егоровна
|2 tpush
|3 (RuTPU)RU\TPU\pers\3569
|
| 801 |
|
2 |
|a RU
|b 63413507
|c 20100323
|g PSBO
|
| 942 |
|
|
|c BK
|